Statistics for All U.S. State Tripoint Borders

Click here to take the quiz!

General Stats

  • This quiz has been taken 88 times
  • The average score is 53 of 64

Answer Stats

Answer% Correct
Florida
96%
Georgia
96%
Mississippi
96%
Tennessee
96%
Alabama
94%
Arkansas
92%
California
92%
Colorado
92%
Kansas
92%
Texas
92%
Arizona
90%
Delaware
90%
Idaho
90%
New Mexico
90%
Oklahoma
90%
Utah
90%
Washington
90%
Washington, DC
90%
Iowa
88%
Kentucky
88%
Louisiana
88%
Michigan
88%
Missouri
88%
Nebraska
88%
New Hampshire
88%
New Jersey
88%
New York
88%
Ohio
88%
Oregon
88%
Pennsylvania
88%
South Carolina
88%
Vermont
88%
Virginia
88%
Wyoming
88%
Illinois
87%
Indiana
87%
Maine
87%
Maryland
87%
Minnesota
87%
Nevada
87%
North Carolina
87%
North Dakota
87%
Rhode Island
87%
South Dakota
87%
Alaska
85%
Connecticut
85%
Massachusetts
85%
Montana
85%
Quebec
85%
West Virginia
85%
Wisconsin
85%
Ontario
83%
Alberta
77%
British Columbia
77%
Yukon
77%
Manitoba
69%
Saskatchewan
67%
Baja California
62%
Chihuahua
60%
New Brunswick
60%
Sonora
48%
Nuevo León
38%
Coahuila
33%
Tamaulipas
27%

Score Distribution

Percentile by Number Answered

Percent of People with Each Score

Your Score History

You have not taken this quiz